Statistics for North American Capitals by Map

Click here to take the quiz!

General Stats

  • This quiz has been taken 821 times
  • The average score is 15 of 23

Answers on the Map

Answers color-coded by a green-red scale on the quiz's map according to % correct below.
 

Answer Stats

Capital% Correct
Washington D.C.
99%
Mexico City
98%
Ottawa
95%
Panama City
87%
Havana
85%
Guatemala City
80%
Kingston
75%
San Salvador
74%
Port-au-Prince
71%
Santo Domingo
67%
San Jose
66%
Nassau
64%
Port-of-Spain
61%
Belmopan
59%
Managua
55%
Kingstown
53%
Saint John's
53%
Tegucigalpa
53%
Bridgetown
48%
Saint George's
47%
Roseau
43%
Basseterre
42%
Castries
41%

Score Distribution

Percentile by Number Answered

Percent of People with Each Score

Your Score History

You have not taken this quiz